Musique - Qui chante cette chanson ? #2 - Statistiques

Statistiques générales
  • Ce quiz a été pris 7 018 fois
  • Le résultat moyen est 14 sur 20
Statistiques - réponses
Hint Réponse % Correct
Balance ton quoi Angèle
93%
Pookie Aya Nakamura
92%
Bande organisée Jul
92%
Tourner dans le vide Indila
90%
La bohème Charles Aznavour
87%
Cette année-là Claude François
86%
Les lacs du Connemara Michel Sardou
83%
Résiste France Gall
78%
J'ai cherché Amir
69%
La corrida Francis Cabrel
69%
Place des grands hommes Patrick Bruel
68%
Dans les yeux d'Émilie Joe Dassin
64%
Chanson sur ma drôle de vie Véronique Sanson
63%
S'il suffisait d'aimer Céline Dion
60%
Je t'aime Lara Fabian
60%
Caroline MC Solaar
57%
À fleur de toi Vitaa
57%
Mon amour Slimane
56%
Le chasseur Michel Delpech
55%
Requiem pour un fou Johnny Hallyday
51%
Aucun quiz correspondant
Distribution des résultats
% des personnes avec chaque résultat
Percentile par nombre de réponses
Votre historique - résultats
Vous n’avez pas pris ce quiz